000 00653nam a22002057a 4500
003 OSt
005 20260513115159.0
008 260513b |||||||| |||| 00| 0 eng d
020 _a9780241011072
040 _aKenya National Library Service
_erda
082 _a641 8643 DOR
110 _aDorling Kindersley Limited
245 _aShow- stopping cakes :
_bsimple recipes, delicious results /
_cDorling Kindersley Limited
300 _a48 pages :
_bcolour illustrations ;
_c28 cm
504 _aIncludes index
650 _aCake decorating
942 _2ddc
_cBK
_n0
999 _c492745
_d492745